000 00933nam a22002295i 4500
001 161382
003 ES-MaACL
005 20250303062547.0
008 940301q1900 sp |||| | spa d
100 1 _aPardo Bazán, Emilia,
_cCondesa de,
_d1851-1921
_9176434
245 1 3 _aUn destripador de antaño
_b: historias y cuentos regionales /
_cEmilia Pardo Bazán.
260 _aMadrid :
_bAdministración calle de S. Bernardo, 37,
_c[1900?] (
_fEstab. Tip. de Idamor Moreno)
300 _a317 p. ;
_c20 cm.
490 1 _aObras completas de Emilia Pardo Bazán ;
_v20
530 _aDisponible en formato digital.
752 _aEspaña -
_dMadrid
830 0 _aObras completas de Emilia Pardo Bazán ;
_v20
_9176456
852 _aES-MaACL
_jB-4099
_z- Enc. hol., conservando cub. original
856 _uhttp://bdh-rd.bne.es/viewer.vm?id=0000109064&page=1
_zBiblioteca Digital Hispánica
942 _2udc
999 _c161382
_d161382